Ante la situación del país : responsabilidades y posibilidaes de una acción personal /

Breve reflexión sobre la crisis económica mexicana a finales del sexenio de López Portillo, a la luz de los principios de la doctrina social de la Iglesia, y propuestas de acción para enfrentar tal situación.

Guardado en:
Bibliografiske detaljer
Hovedforfatter: Saviñón Diez de Sollano, Adalberto (autor)
Format: Bog
Sprog:spansk
Udgivelse:4a edición
Fag:
Tags: Tilføj Tag
Ingen Tags, Vær først til at tagge denne postø!

MARC

LEADER 00000nam^a2200000^a^4500
001 000275712
005 20250521000000.0
009 20260310111239.233
025 |a Donación Jesús Vergara Aceves, 1 ejemplar 
037 |a Acervo Xavier Clavigero 
041 |a ESP 
082 |a 330. 9720637  |b SAV 
100 |a Saviñón Diez de Sollano, Adalberto  |e (autor) 
245 1 0 |a Ante la situación del país :  |b responsabilidades y posibilidaes de una acción personal /  |c A. Saviñón Diez de Sollano. 
250 |a 4a edición 
264 |a México :  |b Centro de Estudios y Promoción Social,  |c 1982 
300 |a 36 p. 
336 |a texto  |b txt  |2 rdacontenido 
337 |a sin mediación  |b n  |2 rdamedio 
338 |a volumen  |b nc  |2 rdasoporte 
520 |a Breve reflexión sobre la crisis económica mexicana a finales del sexenio de López Portillo, a la luz de los principios de la doctrina social de la Iglesia, y propuestas de acción para enfrentar tal situación. 
649 |a XX 
650 |a Crisis Económica -  |z México -  |x Tema Principal 
650 |a Economía -  |z México -  |x Historia -  |y 1976-1982 
650 |a Teología Social 
650 |a Religión y Economía -  |z México 
650 |a México -  |x Condiciones Económicas 
910 |a Fondo Jesús Vergara Aceves S.J. 
920 |a Impresos - Libros 
930 |a Fondos Especiales 
905 |a 119 
901 |a 0500160920  |b IT2  |c ESP  |i D  |u 20250521 
902 |a https://opac.biblio.iteso.mx/vufind/Record/000275712